00277pam a2200097 a 4500020002200000040001600022041000800038100002200046245006400068260004700132 a9-780521-427906c aGOAU_403206 aeng aWood, Elizabeth M aSubtidal EcologybNew Studies in BiologyhTextual Documents aLondonbEdward Arnold Publishers Ltdc1987